| 000 | 00704cam a2200241 a 4500 | ||
|---|---|---|---|
| 001 | 17404249 | ||
| 005 | 20180104074404.0 | ||
| 008 | 120727s2012 njua 001 0 eng | ||
| 010 | _a 2012030562 | ||
| 020 | _a9781422499146 | ||
| 040 |
_aDLC _cDLC _dDLC |
||
| 041 | _aeng | ||
| 042 | _apcc | ||
| 043 | _an-us--- | ||
| 080 | _a352.80973 MAR | ||
| 082 | 0 | 0 |
_a352.80973 MAR _223 |
| 100 | 1 | _a14 | |
| 101 | _aJUR | ||
| 245 | 1 | 0 |
_aPlain English for drafting statutes and rules / _cRobert J. Martineau, Robert J. Martineau, Jr. |
| 906 |
_a7 _bcbc _corignew _d1 _eecip _f20 _gy-gencatlg |
||
| 942 |
_2ddc _cBK |
||
| 999 |
_c39730 _d39730 |
||